| 000 | 01007nam0a22002891 4500 | ||
|---|---|---|---|
| 001 | v19\rc\1867073 | ||
| 005 | 20260405224716.0 | ||
| 035 | _a(NLR Aleph) 004959129 | ||
| 090 |
_a5964833 _c5964833 |
||
| 100 | _a20080221d1910 u y0rusy50 ca | ||
| 101 | 0 | _arus | |
| 102 | _aRU | ||
| 105 | _aa z |||a| | ||
| 200 | 1 |
_aНа тюленьем промысле _e(Рассказ молодого американца) _fМ.В. Архангельская |
|
| 210 |
_aМосква _cтипо-лит. т-ва "В. Чичерин в Москве" _d1910 |
||
| 215 |
_a47 с. _cил. _d22 |
||
| 700 | 1 |
_7ca _8rus _aАрхангельская _bМ. В. _cписатель _f19 в. _gМаргарита Васильевна _985705 _3RU\NLR\AUTH\77102779 |
|
| 801 | 0 |
_aRU _bNLR _gpsbo |
|
| 801 | 0 |
_aRU _bRuMoRGB _2psbo |
|
| 801 | 1 |
_aRU _bProSoft-M _2rusmarc |
|
| 852 |
_aNLR _j18.337.2.330 |
||
| 899 |
_aRuMoRGB _jU 75/304 |
||
| 899 |
_aRuMoRGB _jРб 11/876 |
||
| 899 | _aБАН | ||
| 942 | _cBOOK | ||
| 980 | _aNB | ||